Contribuçao a arqueologia baiana /
Guardado en:
| Autor Principal: | |
|---|---|
| Formato: | Libro |
| Publicado: |
Rio De Janeiro :
Museo Nacional,
1944
|
| Series: | Boletim, 5
|
| Materias: | |
| Etiquetas: |
Agregar Etiqueta
Sin Etiquetas, Sea el primero en etiquetar este registro!
|
| LEADER | 00481nam a22001695a 4500 | ||
|---|---|---|---|
| 001 | EHU.bham004321 | ||
| 008 | 130507s1944##################000#0#####d | ||
| 005 | 20230203084851.0 | ||
| 245 | 1 | 0 | |a Contribuçao a arqueologia baiana / |c C. F. Ott. |
| 260 | |a Rio De Janeiro : |b Museo Nacional, |c 1944 | ||
| 300 | |a 73 p. | ||
| 490 | 0 | |a Boletim, 5 | |
| 100 | 1 | |a Ott, C. F. | |
| 082 | 5 | 7 | |a 571 |
| 653 | |a Arqueología | ||
| 651 | 7 | |a Brasil | |
| 859 | |a AR-BHAM |b BIB. HUMANIDADES - General |h 571 |i Ot8 |p 99117.74 |t Ej.1 | ||
